| 000 | 00873nam a22002417a 4500 | ||
|---|---|---|---|
| 001 | 7957 | ||
| 003 | FISKH | ||
| 005 | 20250814161133.0 | ||
| 008 | 250814b cb ||||| |||| 00| 0 eng d | ||
| 020 | _a9780545667777 | ||
| 040 |
_aFISKH _beng _cFISKH _dFISKH |
||
| 050 | _aQL105 .H39 | ||
| 082 | _a591.75 | ||
| 100 | _aHayes, Susan | ||
| 245 |
_aPolar animals : _bThe incredible animals of the Arctic and Antarctic / _cBy Susan Hayes and Tory Gordon-Harris |
||
| 260 |
_aNew York : _bScholastic, _c2014. |
||
| 300 |
_a80 pages : _bcolor illustrations ; _c26 cm |
||
| 520 | _aProfiles of Arctic and Antarctic animals cover subjects ranging from polar bears and emperor penguins to blue whales and Arctic terns. | ||
| 650 |
_aPenguins polar animals _vLife science _xInformational |
||
| 700 |
_aGordon-Harris, Tory _eillustrator |
||
| 942 |
_2ddc _cBK _n0 |
||
| 999 |
_c7957 _d7957 |
||